Gothenburg Tram Network - Statistics

General Stats
  • This quiz has been taken 16 times
  • The average score is 63 of 132
Answers on the Map
Answers color-coded by a green-red scale on the quiz's map according to % correct below.
 
Answer Stats
Stop Line % Correct
Angered Centrum 4;8;9
100%
Brunnsparken 1;2;3;4;5;6;7;9;10;11
100%
Korsvägen 4;5;6;8;12
100%
Centralstationen 1;3;4;7;9;11;12
89%
Chalmers 6;7;8;10
89%
Frölunda Torg 1;7;8
89%
Järntorget 1;3;6;9;11
89%
Kungsportsplatsen 3;4;5;7;10
89%
Marklandsgatan 1;2;3;7;8
89%
Stenpiren 1;11
89%
Botaniska Trädgården 1;2;7;8
78%
Lindholmen 10;12
78%
Linnéplatsen 1;2;6
78%
Liseberg Södra 4;12
78%
Nordstan 2;6;12
78%
Saltholmen 11
78%
Scandinavium 6;8;12
78%
Svingeln 1;3;6;8
78%
Valand 3;4;5;7;10
78%
Vasaplatsen 2;3;7;10
78%
Grönsakstorget 2;6;9
67%
Hagakyrkan 3;6;9
67%
Hammarkullen 4;8;9
67%
Hjällbo 4;8;9
67%
Hjalmar Brantingsplatsen 2;5;6
67%
Kapellplatsen 7;10
67%
Käringberget 11
67%
Kungssten 9;11
67%
Kviberg 6;7;11
67%
Mariaplan 3;11
67%
Masthuggstorget 3;9;11
67%
Medicinaregatan 6;7;8
67%
Mölndals Innerstad 4;12
67%
Olskrokstorget 1;3;6;8
67%
Opaltorget 1;7
67%
Östra Sjukhuset 1;5
67%
Prinsgatan 1;6
67%
Sahlgrenska Huvudentré 6;7;8
67%
Sandarna 9;11
67%
SKF 6;7;11
67%
Ullevi Norra 1;3;6;8
67%
Ullevi Södra 6;8;12
67%
Wavrinskys Plats 6;7;8;10
67%
Almedal 4;12
56%
Axel Dahlströms Torg 1;2;7;8
56%
Domkyrkan 2;6;9
56%
Frihamnen 2;5;6
56%
Gamlestads Torg 4;6;7;8;9;11
56%
Jaegerdorffsplatsen 3;9
56%
Krokslätts Fabriker 4;12
56%
Lana 4;12
56%
Liseberg Station 5
56%
Mölndals sjukhus 4;12
56%
Musikvägen 1;7;8
56%
Olivedalsgatan 1;2;6
56%
Positivgatan 1;7;8
56%
Sannaplan 9;11
56%
Smaragdgatan 1;7
56%
Stigbergstorget 3;9;11
56%
Vågmästareplatsen 2;5;6
56%
Bellevue 6;7;11
44%
Berzeliigatan 4;5
44%
Bögatan 5
44%
Chapmans Torg 3;9
44%
Dr. Fries Torg 10
44%
Dr. Sydows Gata 10
44%
Ekedal 11
44%
Eketrägatan 2;5;6
44%
Elisedal 4;12
44%
Godhemsgatan 3;11
44%
Hinsholmen 11
44%
Högsbogatan 3
44%
Kortedala Torg 6;7;11
44%
Krokslätts torg 4;12
44%
Lilla Bommen 5;10
44%
Ostindiegatan 3;9
44%
Redbergsplatsen 1;3;6;8
44%
Sankt Sigfrids Plan 5
44%
Stockholmsgatan 1;3
44%
Vagnhallen Majorna 3;9
44%
Vårväderstorget 2;5;6
44%
Vasa Viktoriagatan 2;3
44%
Virginsgatan 3;5
44%
Wieselgrensplatsen 2;5;6
44%
Bokekullsgatan 3
33%
Briljantgatan 1;7
33%
Brunnsgatan 2
33%
Hagen 11
33%
Handelshögskolan 2
33%
Jubileumsparken 10;12
33%
Kaggeledstorget 1;5
33%
Kaptensgatan 3;9
33%
Komettorget 7;11
33%
Långedrag 11
33%
Lantmilsgatan 1;7;8
33%
Majvallen 11
33%
Munkebäckstorget 1;5
33%
Nya Varvsallén 11
33%
Nymilsgatan 1;7;8
33%
Rymdtorget 7;11
33%
Storås 4;8;9
33%
Tranered 11
33%
Aprilgatan 6
22%
Ejdergatan 6;8
22%
Friskväderstorget 2;5;6
22%
Galileis Gata 7;11
22%
Gropegårdsgatan 2;5;6
22%
Klintens Väg 3
22%
Lackarebäck 4;12
22%
Mildvädersgatan 2;5;6
22%
Önskevädersgatan 2;5;6
22%
Pumpgatan 10;12
22%
Rambergsvallen 2;5;6
22%
Runstavsgatan 6;7;11
22%
Sälöfjordsgatan 2;5;6
22%
Seminariegatan 2
22%
Töpelsgatan 5
22%
Varbergsgatan 4;12
22%
Varmfrontsgatan 5;6
22%
Ekmanska 5
11%
Fjällgatan 11
11%
Härlanda 1;3
11%
Temperaturgatan 5;6
11%
Väderilsgatan 2;5;6
11%
Allhelgonakyrkan 6;7;11
0%
Beväringsgatan 6;7;11
0%
Januarigatan 7;11
0%
Nymånegatan 6;7;11
0%
Solrosgatan 3;5
0%
Teleskopgatan 7;11
0%
Tingvallsvägen 1;5
0%
Welandergatan 5
0%
No matching quizzes found
Score Distribution
Percent of People with Each Score
Percentile by Number Answered
Your Score History
You have not taken this quiz